Hiring the Best (Record no. 573)

MARC details
000 -LEADER
fixed length control field 00383nam a2200157Ia 4500
008 - FIXED-LENGTH DATA ELEMENTS--GENERAL INFORMATION
fixed length control field 230312s9999||||xx |||||||||||||| ||und||
020 ## - INTERNATIONAL STANDARD BOOK NUMBER
International Standard Book Number 1-55850-282-3
082 ## - DEWEY DECIMAL CLASSIFICATION NUMBER
Classification number 658.31124
Item number YAT
100 ## - MAIN ENTRY--PERSONAL NAME
Personal name Yate Martin
245 #0 - TITLE STATEMENT
Title Hiring the Best
260 ## - PUBLICATION, DISTRIBUTION, ETC.
Name of publisher, distributor, etc. Adams Media
Place of publication, distribution, etc. Canada
Date of publication, distribution, etc. 1994
300 ## - PHYSICAL DESCRIPTION
Extent 227
546 ## - LANGUAGE NOTE
Language note Eng.
650 ## - SUBJECT ADDED ENTRY--TOPICAL TERM
Topical term or geographic name entry element Management
Form subdivision u , ur staff , ur career ,
942 ## - ADDED ENTRY ELEMENTS (KOHA)
Koha item type BOOK

No items available.

Powered by Koha